<?xml version="1.0" encoding="UTF-8"?>
<collection xmlns="http://www.loc.gov/MARC21/slim">
  <record>
    <leader>00000nam  2200000   4500</leader>
    <controlfield tag="001">INLIS000000000000446</controlfield>
    <controlfield tag="005">20180724135009</controlfield>
    <controlfield tag="008">180724|||||||||   |   |||   |||| ||   | </controlfield>
    <datafield tag="035" ind1=" " ind2=" ">
      <subfield code="0">010-0718000446</subfield>
    </datafield>
    <datafield tag="041" ind1=" " ind2=" ">
      <subfield code="a">id</subfield>
    </datafield>
    <datafield tag="082" ind1=" " ind2=" ">
      <subfield code="a">009</subfield>
    </datafield>
    <datafield tag="090" ind1=" " ind2=" ">
      <subfield code="a">R 009 PIM I  2013</subfield>
    </datafield>
    <datafield tag="100" ind1=" " ind2=" ">
      <subfield code="a">Suprianto, Kushari</subfield>
    </datafield>
    <datafield tag="245" ind1=" " ind2=" ">
      <subfield code="a">Peningkatan keamanan, fasilitas dalam rantai pasokan logistik barang melalui penerapan program authorized economic operator.</subfield>
    </datafield>
    <datafield tag="260" ind1=" " ind2=" ">
      <subfield code="a">Jakarta</subfield>
      <subfield code="b">Lembaga Administrasi Negara</subfield>
      <subfield code="c">2013</subfield>
    </datafield>
    <datafield tag="300" ind1=" " ind2=" ">
      <subfield code="a">21 hlm. : 30 cm.</subfield>
    </datafield>
    <datafield tag="500" ind1=" " ind2=" ">
      <subfield code="a">Pelaksanaan Proyek Perubahan “Peningkatan Keamanan dan Fasilitasi Dalam Rantai Pasokan Logistik Barang Melalui Penerapan Program Authorized EconomicOperator (AEO)” Dilakukan Berdasarkan Rekomendasi WCO, Indonesia dan Anggota WCO telah menandatangani Letter Of Intend  (LOI) pada tahun 2005. Program AEO menjadi salah satu peran aktif  institusi  kepabeanan dunia dalam ikut menjaga keamanan rantai pasokan logistic barang lintas Negara agar tidak digunakan untuk memasok barang terkait terorisme, narkotika dan psikotropika serta barang lainnya yang menggangggu masyarakat.</subfield>
    </datafield>
    <datafield tag="650" ind1=" " ind2=" ">
      <subfield code="a">Keamanan - Logistik -- Proyek Perubahan PIM1</subfield>
    </datafield>
  </record>
</collection>
